| 000 | 00392nam a2200145 a 4500 | ||
|---|---|---|---|
| 005 | 20140412111407.0 | ||
| 008 | 070705s19uu xx 00 eng d | ||
| 020 | _a0-307-12822-9 | ||
| 050 |
_aER _bBa23 1995 |
||
| 100 | _aMarks, Cathy | ||
| 245 |
_aDear Barbie : _bDance, Ballerina / _cCathy Marks. |
||
| 260 |
_aNew York : _bGolden books, _c1995. |
||
| 440 | _aDear Barbie | ||
| 999 |
_c105579 _d105579 |
||